002640000a220007300045001000019000002450099000193000050001187730022001681 aEmerton, J. A.10aAn examination of some attempts to defend the unity of the flood narrative in Genesis. Part II aVol. 38, Num. 1 (Enero, 1988), Páginas 1-210 tVetus Testamentum